000 00432nam a2200169 a 4500
001 0000-8507
003 ELIB.Books
008 110520 1970
035 _a(ELIB.Books)0000-8652
082 _a230
_bGor
100 _aGordon, S. D.
245 _aThe Treasure of quiet talks
260 _bGrand Rapids; Baker Book House Company
_c1970
650 _aTheology
942 _2ddc
_cBK
998 _cbat
_e2011-05-20
999 _c8507
_d8507